000 01357aam a2200313 i 4500
999 _c40185
_d40185
001 768714001
003 CO-MdFUSB
005 20240618062712.0
007 ta
008 200810t1989 pe | |||| 00| 0 spa d
020 _a1871609062
040 _bspa.
_aCO-MdFUSB
_cCO-MdFUSB
_dCO-MdFUSBC
_erda
041 _aspa
082 0 4 _223
_a266.3
_bP2274e
100 1 _aParedes, Tito
_eautor
245 3 _aEl evangelio en platos de barro :
_bfe y misión cristiana, ciencias sociales y antropología
_c/ Tito Paredes
264 1 _aLima, Perú :
_bEdiciones Presencia,
_c[1989]
264 4 _c© 1989
300 _a188 Pag
_c; 16 cm
336 _atexto
_btxt
_2rdacontent
337 _2rdamedia
_asin mediación
_bn
338 _2rdacarrier
_avolumen
_bnc
490 _aPresencia Evangélica
505 _aFe cristiana, Antropología y las ciencias sociales. -- El Etnocentrismo. -- Religiosidad popular de nuestros pueblos. -- La nuevo presencia evangélica Indígena. -- Cambio social y conversión. -- Presencia evangélica en Lima (un diagnóstico estadístico de las iglesias evangélicas de lima, Callao y Balnearios). -- La comunicación transcultural del evangelio. -- El uso de las ciencias sociales en la misionología. -- Hacia una misionología Latinoamericana.
563 _aRústico
650 0 _aMisiones
_9154
942 _cBK
945 _aJTF-925